घरेलू स्वच्छता तरीके, तकनीकें / (Record no. 56094)
[ view plain ]
| 000 -LEADER | |
|---|---|
| fixed length control field | 00948nam a22002177a 4500 |
| 005 - DATE AND TIME OF LATEST TRANSACTION | |
| control field | 20110830140438.0 |
| 010 ## - LCCN (DPL NO) | |
| LC control number | G-001105 |
| 020 ## - INTERNATIONAL STANDARD BOOK NUMBER | |
| International Standard Book Number | 9788190955621 |
| Terms of availability | 48.00 |
| 035 ## - SYSTEM CONTROL NUMBER | |
| System control number | G-001105 |
| 037 ## - SOURCE OF ACQUISITION | |
| Source of stock number/acquisition | उपहार |
| 082 ## - DEWEY DECIMAL CLASSIFICATION NUMBER | |
| Classification number | 613 |
| 100 ## - MAIN ENTRY--PERSONAL NAME | |
| Personal name | शर्मा, शिवशंकर |
| 245 ## - TITLE STATEMENT | |
| Title | घरेलू स्वच्छता तरीके, तकनीकें / |
| Statement of responsibility, etc | शिवशंकर शर्मा |
| 246 ## - VARYING FORM OF TITLE | |
| Title proper/short title | |
| Remainder of title | |
| 260 ## - PUBLICATION, DISTRIBUTION, ETC. (IMPRINT) | |
| Place of publication, distribution, etc | जयपुर |
| Name of publisher, distributor, etc | शिव बुक हाऊस |
| Date of publication, distribution, etc | 2009-10 |
| 270 ## - ADDRESS | |
| Address | 154,चौड़ा रास्ता |
| City | Jaipur |
| Postal code | 302003 |
| Telephone number | |
| 300 ## - PHYSICAL DESCRIPTION | |
| Extent | 32पृ. |
| Other physical details | सचित्र |
| Dimensions | 22 सेमी (अजिल्द) |
| 942 ## - ADDED ENTRY ELEMENTS (KOHA) | |
| Source of classification or shelving scheme | Dewey Decimal Classification |
| Item type | Children Books |
| Classification part | 613 |
| Call number suffix | शर्माशि |
| Withdrawn status | Lost status | Not for loan | Collection code | Home library | Current library | Date acquired | Source of acquisition | Cost, normal purchase price | Full call number | Barcode | Copy number | Cost, replacement price | Koha item type |
|---|---|---|---|---|---|---|---|---|---|---|---|---|---|
| Non-fiction | Katevara | Katevara | 30/08/2011 | उपहार | 48.00 | 613 शर्माशि | G-001105 | 1 | 48.00 | Children Books |
